|
|
|
|
| LEADER |
01720nam a2200493 i 4500 |
| 001 |
nkc20182982187 |
| 003 |
CZ PrNK |
| 005 |
20180716144304.0 |
| 007 |
ta |
| 008 |
180316s2017 xr a a 000 0 cze |
| 015 |
|
|
|a cnb002982187
|
| 020 |
|
|
|a 978-80-7515-069-1
|q (kroužková vazba)
|z 978=80=7515=069=1
|
| 035 |
|
|
|a (OCoLC)1031044983
|
| 040 |
|
|
|a ABA001
|b cze
|e rda
|
| 072 |
|
7 |
|a 74
|x Kresba. Umělecká řemesla
|2 Konspekt
|9 21
|
| 072 |
|
7 |
|a 821-93
|x Literatura pro děti a mládež (beletrie)
|2 Konspekt
|9 26
|
| 080 |
|
|
|a 741
|2 MRF
|
| 080 |
|
|
|a 159.954
|2 MRF
|
| 080 |
|
|
|a (0.053.2)
|2 MRF
|
| 080 |
|
|
|a (076.1)
|2 MRF
|
| 100 |
1 |
|
|a Rutová, Magdalena,
|d 1988-
|7 mzk2016930624
|4 aut
|4 ill
|
| 245 |
1 |
0 |
|a Radio BUCH :
|b co takhle stát se... /
|c Magdalena Rutová
|
| 250 |
|
|
|a Vydání první
|
| 264 |
|
1 |
|a Praha :
|b Baobab,
|c 2017
|
| 300 |
|
|
|a 9 listů :
|b ilustrace ;
|c 30 x 43 cm +
|e 1 metr na futra (1000 x 90 mm složeno na 250 x 9o mm)
|
| 336 |
|
|
|a text
|b txt
|2 rdacontent
|
| 336 |
|
|
|a statický obraz
|b sti
|2 rdacontent
|
| 337 |
|
|
|a bez média
|b n
|2 rdamedia
|
| 338 |
|
|
|a svazek
|b nc
|2 rdacarrier
|
| 500 |
|
|
|a Název z obálky
|
| 650 |
0 |
7 |
|a kreslení
|7 ph121945
|2 czenas
|
| 650 |
0 |
7 |
|a kreativita
|7 ph121937
|2 czenas
|
| 650 |
0 |
9 |
|a drawing
|2 eczenas
|
| 650 |
0 |
9 |
|a creative ability
|2 eczenas
|
| 655 |
|
7 |
|a pracovní sešity
|7 fd133116
|2 czenas
|
| 655 |
|
7 |
|a publikace pro děti
|7 fd133156
|2 czenas
|
| 655 |
|
9 |
|a activity books
|2 eczenas
|
| 655 |
|
9 |
|a children's literature
|2 eczenas
|
| 910 |
2 |
|
|a BOA001
|b 5-1405.231
|
| 928 |
9 |
|
|a Baobab&GplusG
|
| 990 |
|
|
|a BK
|
| 995 |
|
|
|a 01
|
| 991 |
|
|
|b 201803
|c NOV
|
| 996 |
6 |
|
|b 2610737349
|c 5-1405.231
|l MZK
|r Sklad / do 24 hodin
|n 0
|p p.v.
|w 001655987
|u 000010
|a 1
|e BOA001
|j MZK50
|s P
|